Quick Pick: Wild Cats of South America Quiz Stats

 Plays Quiz Updated Jul 6, 2019

Score 0/10 Timer 00:30
1 Play Today
% Correct
Andean Mountain Cat
82.7%
Jaguar
82.1%
Ocelot
75%
Oncilla (Leopard Cat)
70.8%
Jaguarundi
69.7%
Pampas Cat
68.4%
Cougar
59.8%
Margay
47.8%
Geoffroy's Cat
40.9%
Kodkod
33%

Today's Daily Dose

Missing Word
Sherlocks

Word Ladder
King of the Hill

Quick Pick
Songs in Pink

Get the Picture
NBA Teammates

You're not logged in!

Compare scores with friends on all Sporcle quizzes.
OR
Log In

Sporcle TV

Today on Sporcle TV


Watch our educational content, quiz creation guides, and fun videos on Sporcle TV.

Show Comments

Extras

Top Quizzes Today


Score Distribution

Your Account Isn't Verified!

In order to create a playlist on Sporcle, you need to verify the email address you used during registration. Go to your Sporcle Settings to finish the process.

Report this User

Report this user for behavior that violates our Community Guidelines.

Details: